000
00221nam a2200097Ia 4500
005
20251222120157.0
008
251222s1900||||xx |||||||||||||| ||spa||
082
_a
DVD0070/A19
245
0
_a
El erizo:Le Hérisson
942
_c
DVD
999
_c
2309
_d
2309